Outsourcing (Registro nro. 3019)

Detalles MARC
000 -LEADER
fixed length control field 01266 a2200217 4500
001 - CONTROL NUMBER
control field 39329
005 - DATE AND TIME OF LATEST TRANSACTION
control field 20260407155652.0
008 - FIXED-LENGTH DATA ELEMENTS--GENERAL INFORMATION
fixed length control field 260407a arg spa d
003 - CONTROL NUMBER IDENTIFIER
control field AR-UNSa-BCEJYS
040 ## - CATALOGING SOURCE
Original cataloging agency AR-UNSa-BCEJYS
Language of cataloging spa
Transcribing agency AR-UNSa-BCEJYS
080 ## - UNIVERSAL DECIMAL CLASSIFICATION NUMBER
Universal Decimal Classification number 658.012.4
Common auxiliary subdivision Gestión. Dirección. Autoridad. Técnicas y métodos de gestión (gestión del conocimiento, Outsourcing, Benchmarking...)
020 ## - INTERNATIONAL STANDARD BOOK NUMBER
International Standard Book Number 968-18-5312-1
100 1# - MAIN ENTRY--PERSONAL NAME
Personal name Rothery, Brian
245 10 - TITLE STATEMENT
Title Outsourcing
Name of part/section of a work la subcontratación
264 #1 - PRODUCTION, PUBLICATION, DISTRIBUTION, MANUFACTURE, AND COPYRIGHT NOTICE
Place of production, publication, distribution, manufacture México :
Name of producer, publisher, distributor, manufacturer Limusa
300 ## - PHYSICAL DESCRIPTION
Extent 231 p.
Dimensions 24 cm.
505 ## - FORMATTED CONTENTS NOTE
Formatted contents note Parte I: El proceso del Outsoucing : 1. Los nuevos impulsores - 2. Fabricar o comprar? - 3. Benchmarking - 4. Riesgos latentes - 5. ¿ Que puede subcontratarse y qué no? - 6. ¿ Es el outsourcing un camino sin riesgo ? - 7. Por dónde empezar - Parte II: 8. Prueba de mercados - 9. Tecnología informática - 10. Outsourcing de proceso del negocio- 11. Administración deinmuebles y propieedades - 12. Manufactura por contratos - 13. Servidor de comedor - 14. La industria automotriz - 15. Otros sectores - 16. Body shop y aLane group - 17. IBM - 18. Digitales equipament company - Apéndices
590 ## - LOCAL NOTE (RLIN)
Local note niveau_biblio:m niveau_hierar:0
700 1# - ADDED ENTRY--PERSONAL NAME
Personal name Robertson, Ian
942 ## - ADDED ENTRY ELEMENTS (KOHA)
Koha item type
Existencias
Withdrawn status Lost status Damaged status Not for loan Home library Current library Shelving location Date acquired Total checkouts Full call number Barcode Date last seen Price effective from Koha item type
        Biblioteca Prof. Eusebio Cleto del Rey Biblioteca Prof. Eusebio Cleto del Rey   07/04/2026   658.012.4 R845 L85430 07/04/2026 07/04/2026 Libro
        Biblioteca Prof. Eusebio Cleto del Rey Biblioteca Prof. Eusebio Cleto del Rey   07/04/2026   658.012.4 R845 L85429 07/04/2026 07/04/2026 Libro